[Event "SUI-ch U14"]
[Site "Naefels"]
[Date "2024.05.18"]
[Round "3"]
[White "Sutter, Julian"]
[Black "Piacquadio, Riccardo Daniele"]
[Result "0-1"]
[WhiteElo "1946"]
[BlackElo "1767"]
[PlyCount "106"]
[EventDate "2024.05.17"]
[EventType "swiss"]
[EventRounds "7"]
[EventCountry "SUI"]
[SourceTitle "EXT 2025"]
[Source "ChessBase"]
[SourceDate "2024.10.14"]
[SourceVersion "1"]
[SourceVersionDate "2024.10.14"]
[SourceQuality "1"]

1. c4 c6 2. Nf3 d5 3. g3 Nf6 4. Bg2 e6 5. 0-0 Bd6 6. b3 0-0 7. Bb2 Nbd7 8. d4 Re8 9. Nbd2 dxc4 10. Nxc4 Bf8 11. Nfe5 Nb6 12. Qd2 Nbd5 13. e4 Nb6 14. Rfd1 Nxc4 15. bxc4 Qc7 16. f4 Bd7 17. Kh1 Rad8 18. Qe2 Bc8 19. Rac1 Qb8 20. Qc2 Nd7 21. Re1 Nxe5 22. fxe5 g6 23. Rcd1 Bg7 24. Ba3 Bf8 25. Bxf8 Rxf8 26. Qc3 Qc7 27. Qb2 Rfe8 28. Rd2 b6 29. h4 h5 30. Qc3 Bb7 31. Rf2 Re7 32. Ref1 Rf8 33. Rf6 c5 34. Qf3 Kg7 35. Bh3 Bc8 36. g4 hxg4 37. Qxg4 Rh8 38. Qf4 cxd4 39. Rg1 Rh6 40. Qg5 Re8 41. h5 Reh8 42. Rgf1 Rxh5 43. Rxf7+ Qxf7 44. Rxf7+ Kxf7 45. Qf6+ Ke8 46. Qxg6+ Kd8 47. Qf6+ Kc7 48. Qe7+ Bd7 49. Qd6+ Kc8 50. Qxd4 Rxh3+ 51. Kg2 Rh2+ 52. Kf3 Rf8+ 53. Kg3 Rh7 0-1

[Event "SUI-ch U14"]
[Site "Naefels"]
[Date "2024.05.17"]
[Round "2"]
[White "Akinkhov, Mikhail"]
[Black "Sutter, Julian"]
[Result "1/2-1/2"]
[WhiteElo "1871"]
[BlackElo "1946"]
[PlyCount "99"]
[EventDate "2024.05.17"]
[EventType "swiss"]
[EventRounds "7"]
[EventCountry "SUI"]
[SourceTitle "EXT 2025"]
[Source "ChessBase"]
[SourceDate "2024.10.14"]
[SourceVersion "1"]
[SourceVersionDate "2024.10.14"]
[SourceQuality "1"]

1. d4 Nf6 2. c4 e6 3. Nc3 Bb4 4. Bg5 c5 5. e3 Qa5 6. Qc2 Ne4 7. Qxe4 Bxc3+ 8. Kd1 Bxb2 9. Rb1 Ba3 10. Bf4 Qa4+ 11. Qc2 Qxc2+ 12. Kxc2 cxd4 13. exd4 Be7 14. Bd3 Nc6 15. Kc3 0-0 16. Be4 d6 17. Ne2 Rd8 18. d5 Bf6+ 19. Kd3 exd5 20. cxd5 Ne5+ 21. Bxe5 dxe5 22. Nc3 b6 23. h4 Bb7 24. g3 Rac8 25. Rbc1 Rc5 26. Rc2 Be7 27. Ke3 Rcc8 28. Rhc1 Bc5+ 29. Kf3 g6 30. g4 Bd4 31. Nb5 Rxc2 32. Rxc2 Bxd5 33. Nxa7 Bxe4+ 34. Kxe4 f5+ 35. gxf5 gxf5+ 36. Kxf5 Bxf2 37. h5 Bd4 38. Nc6 Rf8+ 39. Ke4 Rf4+ 40. Kd5 Rh4 41. Nxe5 Bxe5 42. Kxe5 Rxh5+ 43. Kf6 Rh6+ 44. Kf5 Rd6 45. Rb2 Kg7 46. Rb5 Rg6 47. Kf4 Rf6+ 48. Kg4 h6 49. a4 Rg6+ 50. Kh4 1/2-1/2

[Event "EU Union-ch U12 19th"]
[Site "Mureck"]
[Date "2022.08.11"]
[Round "9"]
[White "Marxer, Constantin"]
[Black "Sutter, Julian"]
[Result "0-1"]
[WhiteElo "1165"]
[BlackElo "1427"]
[PlyCount "68"]
[EventDate "2022.08.03"]
[EventType "swiss"]
[EventRounds "9"]
[EventCountry "AUT"]
[SourceTitle "EXT 2023"]
[Source "ChessBase"]
[SourceDate "2022.10.05"]
[SourceVersion "1"]
[SourceVersionDate "2022.10.05"]
[SourceQuality "1"]

1. e4 Nf6 2. e5 Nd5 3. c4 Nb6 4. d4 d6 5. f4 g6 6. Nf3 Bg7 7. Be2 dxe5 8. fxe5 Nc6 9. Be3 Bg4 10. b3 0-0 11. 0-0 Qd7 12. Qd2 Rad8 13. Rd1 f6 14. exf6 exf6 15. d5 Bxf3 16. Bxf3 Ne5 17. Qf2 Qf5 18. Be2 Qxf2+ 19. Bxf2 f5 20. Bd4 c6 21. Nc3 cxd5 22. Bxb6 axb6 23. Rxd5 Rxd5 24. cxd5 Rd8 25. Rd1 Kf7 26. Kf2 Ke7 27. Nb5 Nf7 28. Re1 Kd7 29. Bc4 Ne5 30. Rd1 Rc8 31. Re1 Nxc4 32. bxc4 Rxc4 33. Re6 Rb4 34. Rxb6 Bd4+ 0-1

[Event "EU Union-ch U12 19th"]
[Site "Mureck"]
[Date "2022.08.08"]
[Round "6"]
[White "Sutter, Julian"]
[Black "Religa, Jakub"]
[Result "1-0"]
[WhiteElo "1427"]
[BlackElo "1368"]
[PlyCount "33"]
[EventDate "2022.08.03"]
[EventType "swiss"]
[EventRounds "9"]
[EventCountry "AUT"]
[SourceTitle "EXT 2023"]
[Source "ChessBase"]
[SourceDate "2022.10.05"]
[SourceVersion "1"]
[SourceVersionDate "2022.10.05"]
[SourceQuality "1"]

1. Nf3 d5 2. d4 Nf6 3. Bf4 e6 4. e3 c5 5. c3 Bd6 6. Bg3 Qc7 7. Bd3 0-0 8. Nbd2 Nbd7 9. 0-0 Re8 10. Rc1 e5 11. dxe5 Nxe5 12. Nxe5 Bxe5 13. Bxe5 Qxe5 14. Nf3 Qd6 15. h3 Bd7 16. c4 dxc4 17. Bxh7+ 1-0

[Event "EU Union-ch U12 19th"]
[Site "Mureck"]
[Date "2022.08.04"]
[Round "2"]
[White "Sutter, Julian"]
[Black "Frydel, Marcel Karol"]
[Result "0-1"]
[WhiteElo "1427"]
[BlackElo "1271"]
[PlyCount "134"]
[EventDate "2022.08.03"]
[EventType "swiss"]
[EventRounds "9"]
[EventCountry "AUT"]
[SourceTitle "EXT 2023"]
[Source "ChessBase"]
[SourceDate "2022.10.05"]
[SourceVersion "1"]
[SourceVersionDate "2022.10.05"]
[SourceQuality "1"]

1. c4 d5 2. cxd5 c6 3. dxc6 Nxc6 4. Nc3 e5 5. g3 Nf6 6. Bg2 Bc5 7. d3 Bf5 8. Nf3 e4 9. dxe4 Qxd1+ 10. Nxd1 Bxe4 11. 0-0 Nb4 12. Be3 Nc2 13. Rc1 Nxe3 14. Nxe3 Bxe3 15. fxe3 0-0 16. h3 Nd5 17. Kf2 Rac8 18. Rfd1 Rfd8 19. Rxc8 Rxc8 20. Rd4 Re8 21. Nh4 Bxg2 22. Nxg2 Nf6 23. Kf3 Kf8 24. Rc4 Nd5 25. Rc5 Nb6 26. Rc7 Re7 27. Rxe7 Kxe7 28. Nf4 g6 29. Ke4 Kd6 30. Kd4 Na4 31. b3 Nc5 32. Nd3 Ne6+ 33. Kc4 Ng5 34. Nf4 Ne4 35. g4 Nf2 36. g5 Ne4 37. h4 Ng3 38. Kd3 Nf5 39. Ng2 Ke5 40. b4 b5 41. Kc2 Ke4 42. Kd2 Nd6 43. Kc3 Nc4 44. a4 a6 45. a5 Nxe3 46. Ne1 Nf5 47. Ng2 Nd4 48. Kd2 Nc6 49. Kc3 Ne5 50. Ne1 Ke3 51. Nf3 Nc6 52. Ng1 Nd4 53. Kb2 Nxe2 54. Nxe2 Kxe2 55. Kc2 Kf3 56. Kd3 Kg4 57. Kd4 Kxh4 58. Kc5 Kxg5 59. Kb6 h5 60. Kxa6 h4 61. Kxb5 h3 62. a6 h2 63. a7 h1Q 64. Kb6 Qa8 65. b5 Qc8 66. Ka5 Qb7 67. b6 f5 0-1

[Event "SUI-ch U12"]
[Site "Biel"]
[Date "2022.07.20"]
[Round "5"]
[White "Sutter, Julian"]
[Black "Akinkhov, Mikhail"]
[Result "1/2-1/2"]
[WhiteElo "1382"]
[BlackElo "1528"]
[PlyCount "68"]
[EventDate "2022.07.18"]
[EventType "swiss"]
[EventRounds "7"]
[EventCountry "SUI"]
[SourceTitle "EXT 2023"]
[Source "ChessBase"]
[SourceDate "2022.10.05"]
[SourceVersion "1"]
[SourceVersionDate "2022.10.05"]
[SourceQuality "1"]

1. c4 e5 2. Nc3 Nc6 3. Nf3 Nf6 4. e4 a5 5. d3 d6 6. Be3 Be7 7. h3 0-0 8. g3 h6 9. Bg2 Be6 10. 0-0 Qd7 11. Kh2 Nh7 12. Ng1 f5 13. f4 Rad8 14. Nd5 Rf7 15. Qd2 b6 16. Rf2 exf4 17. Nxf4 Ne5 18. Nxe6 Qxe6 19. Raf1 fxe4 20. Rxf7 Nxf7 21. Bxe4 Bf6 22. Ne2 Qe7 23. Bd5 Re8 24. Be4 Nhg5 25. Bxg5 Nxg5 26. Bd5+ Kh7 27. Nf4 Be5 28. h4 Bxf4 29. Qxf4 Ne6 30. Qf5+ g6 31. Qf7+ Qxf7 32. Rxf7+ Kh8 33. Rf6 Nf8 34. Be4 Kg7 1/2-1/2

[Event "SUI-ch U12"]
[Site "Biel"]
[Date "2022.07.19"]
[Round "3"]
[White "Sutter, Julian"]
[Black "Van Aepelen, Nikolai"]
[Result "0-1"]
[WhiteElo "1382"]
[BlackElo "1635"]
[PlyCount "54"]
[EventDate "2022.07.18"]
[EventType "swiss"]
[EventRounds "7"]
[EventCountry "SUI"]
[SourceTitle "EXT 2023"]
[Source "ChessBase"]
[SourceDate "2022.10.05"]
[SourceVersion "1"]
[SourceVersionDate "2022.10.05"]
[SourceQuality "1"]

1. d4 Nf6 2. c4 g6 3. Nc3 Bg7 4. e4 d6 5. f4 0-0 6. Nf3 c5 7. d5 e6 8. Be2 Re8 9. e5 dxe5 10. fxe5 Ng4 11. Bg5 Qd7 12. Ne4 Nxe5 13. Nxc5 Qc7 14. Ne4 Nxf3+ 15. gxf3 exd5 16. Nf6+ Bxf6 17. Bxf6 Qf4 18. Bc3 dxc4 19. Rf1 Nc6 20. Rf2 Bf5 21. Bd2 Qh4 22. Rc1 Bd3 23. Kf1 Qh3+ 24. Kg1 Nd4 25. Bxd3 cxd3 26. Kh1 Re2 27. Rxe2 Nxe2 0-1